00355nam a2200145Ia 4500008004100000084001100041100002500052245002700077250002000104260001800124260000900142260001400151300000900165500003500174180424s9999 xx 000 0 und d a338 F2 a"Fabricant, Solomon" 0aPrimer on Productivity a\\197300ENGGPSX aPrentice Hall b1973 cNew Delhi a203p aincludes index and biblioraphy